000 01142nam0a22002531 4500
001 rc\4078287
005 20260406165013.0
021 _aRU
_b[52-22382]
035 _a(NLR Aleph) 008124370
090 _a9383665
_c9383665
100 _a20130415d1952 |||y0rusy50 ca
101 0 _arus
102 _aRU
105 _aa z |||||
200 1 _aИнструкция по эксплуатации переносного ацетиленового генератора низкого давления "ВНИИАвтоген ГНВ-1,25"
_fГлавкислород М-ва хим. пром-сти СССР. Всесоюз. науч.-исслед. ин-т автогенной обработки металлов "ВНИИАвтоген"
210 _a[Москва
_cБ. и.
_d1952]
215 _a14 с.
_cчерт.
_d20
606 _aАцетиленовые генераторы
_xЭксплуатация
_2psbo
712 0 2 _aВНИИ автогенной обработки металлов
_3RU\NLR\AUTH\889936449
_9367707
801 0 _aRU
_bNLR
_gpsbo
801 1 _aRU
_bELAR
_2rusmarc
852 _aNLR
_jТ-36 Г-4/1713
942 _cBOOK
980 _aNB